000 00688nam a2200229 i 4500
001 141201
003 ES-MaACL
005 20240209181035.0
007 t|
008 070920s1972 sp ||||1| spa d
080 _a008(=91)
100 1 _aVillar, Francisco.
_9115070
245 1 0 _aLenguas y pueblos indoeuropeos /
_cFrancisco Villar.
260 _aMadrid :
_bIstmo,
_c[1972]
300 _a342 p. : 5 map. ;
_c18 cm.
490 1 _aFundamentos ;
_v14
650 1 4 _aLenguas indoeuropeas.
_914360
650 1 4 _aIndoeuropeos-
_xHistoria.
_913710
830 0 0 _aFundamentos (Ediciones Istmo)
_v14
_9121682
852 _aES-MaACL
_jC-42501
_bR.60738
999 _c141201
_d141201